000 00828nam a2200217Ii 4500
003 JO-AjNU
008 230605s9999||||xx |||||||||||||| ||und||
017 _a2005/8/1911
040 _aJO-AjNU
_bara
_erda
_cJO-AjNU
041 _aara
050 1 4 _aLB1779.H39 2006
100 3 _aحمادات، محمد حسن محمد,
_eauthor
_937774
245 0 0 _aقيم العمل والألتزام الوظيفي لدى المديرين والمعلمين في المدارس
250 _aط1
264 3 1 _aعمان: دار الحامد للنشر والتوزيع، 2006
300 _a207ص
336 _atext
_btxt
_2rdacontent
337 _aunmediated
_bn
_2rdamedia
338 _avolume
_bnc
_2rdacarrier
650 4 _aالادارة التربوية - المدارس - التعلم - التربية - طرق التعلم
_937775
999 _aA15814
_c19382
_d19382